01016nam a2200301 i 4500001001000000003000900010005001700019007000300036008004100039040003000080082002000110100003100130245015400161264003700315300002600352336002700378337003300405338002800438490001700466500004900483650002900532650002100561650002000582650002300602650004700625650002300672650001900695000047639DO-SdBNP20250217092805.0ta180706s1992 dr r 000 0 spa d aDO-SdBNPbspacBNPHUerda a231.3bJ91q2221 aJuanes, Benignod1916-200910a¿Qué es la renovación carismática católica y qué pretende? /bguía para la renovación Carismática CatólicacBenigno, Juanes, S. J. 1aSanto Domingo :bSusaeta,c1992. a171 páginasc21 cm. 2rdacontentatextobtxt 2rdamediaasin mediaciónbn 2rdacarrieravolumenbnc1 aTorrentesv1 aIncluye referencias bibliográficas y notas 4aMovimiento carismático 4aEspíritu santo 4aPentecostalismo 4aOrdenes religiosas 4aIglesia católicazRepública Dominicana 4aDones espirituales 0aVida cristiana